Update on gats commitments and negotiations /
Guardado en:
| Autor principal: | |
|---|---|
| Otros Autores: | |
| Formato: | Texto |
| Etiquetas: |
Agregar Etiqueta
Sin Etiquetas, Sea el primero en etiquetar este registro!
|
MARC
| LEADER | 00000 a a2200000 04500 | ||
|---|---|---|---|
| 001 | 48038 | ||
| 003 | |||
| 040 | |||
| 100 | |a Adlung, Rudolf | ||
| 245 | |a Update on gats commitments and negotiations / |c Rudolf Adlung, Antonia Carzaniga | ||
| 700 | |a Carzaniga, Antonia | ||
| 773 | |a páginas 83-99 | ||
| 999 | |c 30035 |d 30035 | ||
